00766nam a2200157 a 450000100100000000500170001000800410002704000250006811000320009324502080012526000540033330000200038704900090040795201750041699900170059100003276920200930065825.0110726s1926 dr 000 0 spa d aDO-SdBNPbspacBNPHU1 aRepública Dominicana944710aInforme que al señor Secretario de Estado de Agricultura é Inmigración rinden los doctores Juan B. Pérez y Miguel Canela Lazaro jefes de la Expedición a las cabezadas del río Yaque del Norte. aSanto Domingo :bImp. J. R. vda. García,c1926. a33 p. ;c28 cm. aBNPD 001050718RVaPDbPDcHDd2011-07-26iLF1l0o p32769-10r2020-06-25w2020-06-25y1zPerteneció a la biblioteca personal de Carlos Larrazábal Blanco.ZNo se presta c32260d32260